000
00396nam a22001577a 4500
005
20251108164120.0
008
250721s1984 xx 000 0 ara d
082
1
4
_a
210/مصط
100
1
_a
مشهور، مصطفى
245
1
0
_a
طريق الدعوة /
264
1
_a
عمان :
_b
دار الأرقم،
_c
1984.
300
_a
184
650
1
7
_a
الإسلام
942
_2
ddc
_c
BK
999
_c
4003
_d
4003